Central Library OPAC University of Rajshahi

Elements of fractional distillation / (Record no. 15881)

MARC details
000 -LEADER
fixed length control field 00940cam a22002771 4500
001 - CONTROL NUMBER
control field 15881
003 - CONTROL NUMBER IDENTIFIER
rucl marc code BD-RjUL
005 - DATE AND TIME OF LATEST TRANSACTION
control field 20211208235913.0
008 - FIXED-LENGTH DATA ELEMENTS--GENERAL INFORMATION
fixed length control field 140211m19581950nyua b 001 0 eng d
035 ## - SYSTEM CONTROL NUMBER
System control number (BD-RjUL)15936
040 ## - CATALOGING SOURCE
Original cataloging agency DLC
Transcribing agency DLC
Modifying agency DLC
-- BD-RjUL
Language of cataloging eng
041 ## - LANGUAGE CODE
Language code of text/sound track or separate title eng
082 00 - DEWEY DECIMAL CLASSIFICATION NUMBER
Classification number 660.28425
Author mark and year ROE 1958
100 1# - MAIN ENTRY--PERSONAL NAME
Personal name Robinson, Clark Shove,
Dates associated with a name 1888-1947.
9 (RLIN) 49244
245 00 - TITLE STATEMENT
Title Elements of fractional distillation /
Statement of responsibility, etc. Clark Shove Robinson and Edwin Richard Gilliland. Revised and rewritten by Edwin Richard Gilliland.
250 ## - EDITION STATEMENT
Edition statement 4th ed.
260 ## - PUBLICATION, DISTRIBUTION, ETC. (IMPRINT)
Place of publication, distribution, etc. New York ;
-- London :
Name of publisher, distributor, etc. McGraw-Hill,
Date of publication, distribution, etc. c1950, 1958.
300 ## - PHYSICAL DESCRIPTION
Pagination ix, 492 p. :
Illustrations illus. ;
Size 23 cm.
490 0# - SERIES STATEMENT
Series statement Chemical engineering series
504 ## - BIBLIOGRAPHY, ETC. NOTE
Bibliography, etc Includes bibliographies.
650 #0 - SUBJECT ADDED ENTRY--TOPICAL TERM
Topical term or geographic name as entry element Distillation, Fractional.
9 (RLIN) 49245
700 1# - ADDED ENTRY--PERSONAL NAME
Personal name Gilliland, Edwin Richard,
Dates associated with a name 1909-1973,
942 ## - ADDED ENTRY ELEMENTS (KOHA)
Source of classification or shelving scheme Dewey Decimal Classification
Koha item type Books
Holdings
Lost status Source of classification or shelving scheme Damaged status Not for loan Collection code Permanent Location Current Location Shelving location Date acquired Source of acquisition Cost, normal purchase price Total Checkouts Full call number Date last seen Copy number Koha item type
  Dewey Decimal Classification     Non-fiction Central Library, University of Rajshahi Central Library, University of Rajshahi   11/04/1968 Sweels & Zeitlinger 122.00   660.28425 ROE 1958 11/02/2014 C-3 Books
  Dewey Decimal Classification   Not For Loan Non-fiction Central Library, University of Rajshahi Central Library, University of Rajshahi Reading Room 18/09/1957 Pub. United Ltd. 60.15   660.28425 ROE 1958 11/02/2014 C-1 Books
  Dewey Decimal Classification     Non-fiction Central Library, University of Rajshahi Central Library, University of Rajshahi   05/05/1964 zeitlinger 93.00   660.28425 ROE 1958 05/11/2019 C-4 Books
  Dewey Decimal Classification     Non-fiction Central Library, University of Rajshahi Central Library, University of Rajshahi   05/05/1964 zeitlinger 93.00   660.28425 ROE 1958 05/11/2019 C-5 Books
  Dewey Decimal Classification     Non-fiction Central Library, University of Rajshahi Central Library, University of Rajshahi   05/05/1964 zeitlinger 93.00   660.28425 ROE 1958 05/11/2019 C-2 Books